Légendes Françaises par Parcours - Statistiques

Statistiques générales
  • Ce quiz a été pris 107 fois
  • Le résultat moyen est 6 sur 10
Statistiques - réponses
Joueurs Équipes % Correct
Zinedine Zidane
96%
Thierry Henry
93%
Franck Ribéry
87%
Michel Platini
66%
Lilian Thuram
53%
Didier Deschamps
47%
Eric Cantona
47%
Patrick Vieira
42%
David Trezeguet
36%
Marcel Desailly
31%
Aucun quiz correspondant
Distribution des résultats
% des personnes avec chaque résultat
Percentile par nombre de réponses
Votre historique - résultats
Vous n’avez pas pris ce quiz